| Tag |
First Indicator |
Second Indicator |
Subfields |
| LEADER |
00000cam a2200000Ia 4500 |
| 001 |
in00002562829 |
| 005 |
20151201153909.0 |
| 007 |
he amv---bacp |
| 007 |
hd bfv---baap |
| 008 |
950127s1758 enk jb 000 0 eng d |
| 035 |
|
|
|a (OCoLC)ocm31895541
|
| 037 |
|
|
|a CL0021000008
|b University Microfilms International
|
| 037 |
|
|
|b University Microfilms International, 300 North Zeeb Road, Ann Arbor, MI 48106
|
| 040 |
|
|
|a OPP
|c OPP
|d UtOrBLW
|
| 049 |
|
|
|a UMIA
|
| 090 |
|
|
|a PZ5
|b .O67 1990 no.008:080.
|
| 245 |
0 |
0 |
|a Letters on the most common, as well as important, occasions in life /
|c by Cicero, Pliny, Voiture, Balzac, St. Evremond, Locke, ... and other writers of distinguish'd merit ... with proper directions for addressing persons of rank and eminence : the use of young gentlemen and ladies.
|
| 250 |
|
|
|a The fourth edition.
|
| 264 |
|
3 |
|a London :
|b Printed for J. Newbery ...,
|c 1758.
|
| 300 |
|
|
|a xii, xviii-240 pages
|
| 336 |
|
|
|a text
|b txt
|2 rdacontent
|
| 337 |
|
|
|a microform
|b h
|2 rdamedia
|
| 338 |
|
|
|a microfiche
|b he
|2 rdacarrier
|
| 500 |
|
|
|a Dedication signed: John Newbery.
|
| 500 |
|
|
|a Reproduction of original in the Bodleian Library.
|
| 510 |
4 |
|
|a Opie
|c B 242
|
| 533 |
|
|
|a Microfiche.
|b Ann Arbor, Mich.
|c University Microfilms International,
|d 1993.
|e 3 microfiche.
|f (Opie collection of children's literature ; 008:080).
|7 s1993 miun b
|
| 500 |
|
|
|a Microform.
|
| 650 |
|
0 |
|a Letter writing
|v Early works to 1800.
|
| 650 |
|
0 |
|a Etiquette
|v Early works to 1800.
|
| 700 |
1 |
|
|a Newbery, John,
|d 1713-1767.
|
| 830 |
|
0 |
|a Opie collection of children's literature ;
|v 008:080.
|
| 999 |
|
|
|a MARS
|
| 999 |
f |
f |
|s 4689f5c9-42f0-3e83-82da-14081cc0ac1a
|i 1239b151-241a-3fb6-999e-ca385703b337
|t 0
|
| 952 |
f |
f |
|a Texas A&M University
|b College Station
|c Sterling C. Evans Library
|d Evans: Microforms Fiche (3rd floor)
|t 0
|e PZ5 .O67 1990 no.008:080.
|h Library of Congress classification
|
| 998 |
f |
f |
|a PZ5 .O67 1990 no.008:080.
|t 0
|l Evans: Microforms Fiche (3rd floor)
|